Library Banner

Advanced accounting (Record no. 19457)

MARC details
000 -LEADER
fixed length control field 00587nam a2200217Ia 4500
001 - CONTROL NUMBER
control field 19076
008 - FIXED-LENGTH DATA ELEMENTS--GENERAL INFORMATION
fixed length control field 140407s9999 xx 000 0 und d
020 ## - INTERNATIONAL STANDARD BOOK NUMBER
International Standard Book Number 0-13-084105-6
040 ## - CATALOGING SOURCE
Transcribing agency PK-LaUMT
082 ## - DEWEY DECIMAL CLASSIFICATION NUMBER
Classification number 657.046
Item number BEA-A
100 ## - MAIN ENTRY--PERSONAL NAME
Personal name Craig D. Shoulders
245 ## - TITLE STATEMENT
Title Advanced accounting
Statement of responsibility, etc Craig D. Shoulders<>Floyd A. Beams<>John A. Brozovsky
250 ## - EDITION STATEMENT
Edition statement 7th
260 ## - PUBLICATION, DISTRIBUTION, ETC. (IMPRINT)
Place of publication, distribution, etc London,UK:
Name of publisher, distributor, etc Prentice-Hall International,
Date of publication, distribution, etc 2000
300 ## - PHYSICAL DESCRIPTION
Extent 899 p.
546 ## - LANGUAGE NOTE
Language note EN
650 ## - SUBJECT ADDED ENTRY--TOPICAL TERM
Topical term or geographic name as entry element Comparative accounting
700 ## - ADDED ENTRY--PERSONAL NAME
Personal name Floyd A. Beams
700 ## - ADDED ENTRY--PERSONAL NAME
Personal name John A. Brozovsky
942 ## - ADDED ENTRY ELEMENTS (KOHA)
Koha item type Books
Holdings
Withdrawn status Lost status Damaged status Not for loan Home library Current library Date acquired Total Checkouts Full call number Barcode Date last seen Date checked out Price effective from Koha item type
        UMT Main Campus UMT Main Campus 2014-04-07 4 657.046 BEA-A 22354 2019-12-14 2019-12-13 2014-04-23 Books